Top 20 Angels: All-Time Home Run Leaders - Statistics

General Stats
  • This quiz has been taken 282 times
    221 since last reset
  • The average score is 9 of 21
Answer Stats
HR Player % Correct
310 Mike Trout
99%
299 Tim Salmon
81%
222 Albert Pujols
61%
93 Shohei Ohtani
60%
182 Troy Glaus
58%
272 Garret Anderson
55%
123 Reggie Jackson
52%
173 Vladimir Guerrero
52%
121 Jim Edmonds
42%
117 Wally Joyner
33%
141 Don Baylor
32%
114 Darin Erstad
31%
222 Brian Downing
30%
156 Chili Davis
30%
154 Bobby Grich
29%
105 Torii Hunter
27%
115 Jim Fregosi
24%
95 Mark Trumbo
23%
130 Doug DeCinces
16%
140 Kole Calhoun
14%
100 Jack Howell
3%
No matching quizzes found
Score Distribution
Percent of People with Each Score
Percentile by Number Answered
Your Score History
You have not taken this quiz since the last reset